| 000 | 00526nam a2200193Ia 4500 | ||
|---|---|---|---|
| 003 | OSt | ||
| 005 | 20240430101902.0 | ||
| 008 | 210210b1992 xxu||||| |||| 00| 0 eng d | ||
| 040 | _cAL | ||
| 041 | _aKannada | ||
| 082 | _aK894.2 VAIA | ||
| 100 |
_aVAIDEHI. _dವೈದೇಹಿ _9162628 |
||
| 245 |
_aAidu makkala natakagalu. _b ಐದು ಮಕ್ಕಳ ನಾಟಕಗಳು |
||
| 260 |
_aSagara _bAkshara Prakashana _c1992 |
||
| 300 | _a9,256 | ||
| 690 |
_aKannada Drama _9162629 |
||
| 906 | _a051740 | ||
| 942 |
_2ddc _cBK |
||
| 999 |
_c100134 _d100134 |
||